000 01042cab a22002415a 4500
001 L152633
008 110406e20110402xxk 000 0 eng d
035 _a(Sirsi) u152633
041 0 _aeng
100 1 _aBuckley, James
245 0 0 _aFocus
_bLondon and Midtown
260 _c2011
490 _aEstates Gazette
_v(1113) 2 April 2011, 83-95(10)
520 _aReviews six development schemes currently underway in April 2011 in London Midtown which should help to alleviate shortage of new space as demand increases rapidly. Diverse range of occupiers currently dominated by media companies. Assesses impact of the completion of Crossrail in 2018 will have on the Farringdon property market. Covent Garden and reviews office take up, availability, rents and Zone A retail retails rents.
590 _aKA
651 4 _aLondon
690 _aPROPERTY-COMMERCIAL PROPERTY-COMMERCIAL PROPERTY MARKET
700 1 _aSimmons, Mark
700 1 _aRobson, Claire
700 1 _aDixon, Annabel
700 1 _aCunningham, Daniel
942 _n0
999 _c83043
_d83043